Statistiche per Cultura generale ITA #4

Clicka qui per fare il quiz!

Statistiche generali

  • Questo quiz è stato fatto 194 volte
  • Il punteggio medio è 12 su 20

Statistiche sulle risposte

HintRisposta% Corretto
Capoluogo della PugliaBari
90%
Coniugazione del verbo cuocere, passato remoto, prima persona singolareCossi
89%
Probabilmente il più importante marchio di auto italianeFiat
89%
Mezzo di trasporto che in Italia è presente solo a Milano, Roma, Brescia, Catania, Genova, Napoli e TorinoMetropolitana
88%
Numero degli spigoli di un cubo12
83%
Il più piccolo numero primo di tre cifre101
75%
Il paese più popoloso della federazione europeaGermania
75%
Ingrediente caratteristico del sugo alla normaMelanzana
73%
Fratelli scrittori tedeschi dell'ottocento, famosi come autori di fiabeFratelli Grimm
61%
Generale cartaginese considerato tra i più abili della storiaAnnibale
59%
Considerato il più importante esponente del romanticismo italiano, anche se non ha mai apprezzato la classificazioneGiacomo Leopardi
58%
Romanzo d'esordio dell'intellettuale italiano Roberto SavianoGomorra
49%
La prima costituzione ItalianaStatuto Albertino
49%
Città natale del matematico e inventore ArchimedeSiracusa
48%
Associazione di due parole appartenenti a sfere sensoriali differentiSinestesia
46%
Opera lirica di Giuseppe Verdi ambientata in EgittoAida
39%
La più debole tra le 4 interazioni fondamentali in fisicaGravitazionale
26%
Secondo Giorgio Gaber, è partecipazioneLibertà
23%
Il primo italiano a vincere il premio Nobel per la fisicaGuglielmo Marconi
21%
Titolo del primo film di Star WarsUna nuova speranza
19%

Distribuzione punteggi

Percentile per numero di risposta

Percentuale di utenti per punteggio

I tuoi punteggi nel tempo

Non hai fatto questo quiz